Recyklácia odpadovej zubnej pasty z výroby

Enregistré dans:
Détails bibliographiques
Auteur principal: Šediová, Viera (Auteur)
Autres auteurs: Dzianik, František (Directeur de thèse)
Format: Manuscrit Livre
Langue:slovaque
Publié: 2022
Sujets:
Accès en ligne:http://is.stuba.sk/zp/portal_zp.pl?podrobnosti=172482
Tags: Ajouter un tag
Pas de tags, Soyez le premier à ajouter un tag!

MARC

LEADER 00000ntm a22000003a 4500
001 stuzp90982
003 SK-STU
005 20220611214237.3
007 ta
008 150427s2015----xo-----f-mn---000-0-slo-d
040 |a STU  |b slo 
041 0 |a slo 
100 1 |a Šediová, Viera  |u 020040  |4 aut  |U SjF Strojnícka fakulta  |T SjF Ústav procesného inžinierstva  |X 104926  |U J0040  |Y 807  |7 104926 
242 0 1 |a Recycling of waste toothpaste from production  |y eng 
245 1 0 |a Recyklácia odpadovej zubnej pasty z výroby 
260 |c 2022 
650 4 |a odpad  |2 slo 
650 4 |a odpadová zubná pasta  |2 slo 
650 4 |a recyklácia odpadovej zubnej pasty  |2 slo 
650 4 |a spracovanie odpadu  |2 slo 
650 4 |a waste  |2 eng 
650 4 |a waste toothpaste  |2 eng 
650 4 |a waste processing  |2 eng 
650 4 |a waste toothpaste recycling  |2 eng 
700 1 |a Dzianik, František  |u 020040  |k Z1  |4 ths  |U SjF Strojnícka fakulta  |T SjF Ústav procesného inžinierstva  |X 4665  |U J0040  |Y 807  |7 A000004665 
856 4 |u http://is.stuba.sk/zp/portal_zp.pl?podrobnosti=172482 
996 |b 284J046896  |c J* 3396/DBP  |l JJSK  |s P  |a 0  |w stuzp90982_0001